00400nam a2200157Ia 4500008004100000020001800041245004000059245004600099260001500145260001600160260000900176300001400185300002500199300001000224500000800234170705s9999 xx 000 0 und d a9780439848688 aWhy the chickens crossed the road / cMark D'Arcy ; illustrated by Jeff Morres. aNew York : bScholastic, c2006 aunpaged : bcolor illustration ; c25cm. a320